Economic Reform and Social Sector Development; (Record no. 201980)

MARC details
000 -LEADER
fixed length control field 00642nam a22001937a 4500
005 - DATE AND TIME OF LATEST TRANSACTION
control field 20240408155251.0
010 ## - LCCN (DPL NO)
LC control number B-758618
020 ## - INTERNATIONAL STANDARD BOOK NUMBER
Terms of availability 550.00
International Standard Book Number 9780761995418
035 ## - SYSTEM CONTROL NUMBER
System control number B-758618
037 ## - SOURCE OF ACQUISITION
Source of stock number/acquisition Gift/Unesco
082 ## - DEWEY DECIMAL CLASSIFICATION NUMBER
Classification number 306.0954792
100 ## - MAIN ENTRY--PERSONAL NAME
Personal name Prabhu, K. Seeta
245 ## - TITLE STATEMENT
Title Economic Reform and Social Sector Development;
Remainder of title A Study of Two Indian States/
Statement of responsibility, etc K. Seeta Prabhu
260 ## - PUBLICATION, DISTRIBUTION, ETC. (IMPRINT)
Place of publication, distribution, etc New Delhi
Name of publisher, distributor, etc Sage Publications
Date of publication, distribution, etc 2001
270 ## - ADDRESS
Address B1/1-1 Mohan Cooprative Industrial Area, Mathura Road ,
City New Delhi
Postal code 110044
300 ## - PHYSICAL DESCRIPTION
Extent 371p.
Dimensions 22cm(Hb)
500 ## - GENERAL NOTE
General note index.
942 ## - ADDED ENTRY ELEMENTS (KOHA)
Source of classification or shelving scheme Dewey Decimal Classification
Item type English Books
Classification part 306.0954792
Call number suffix PRA
Holdings
Withdrawn status Lost status Not for loan Collection code Home library Current library Date acquired Source of acquisition Cost, normal purchase price Full call number Barcode Copy number Cost, replacement price Koha item type Public note
      Non-fiction Central Library Central Library 08/04/2024 Gift/4.4.24 550.00 306.0954792 PRA B-758618 1 550.00 English Books Gift

© Delhi Public Library
Hit Counter
free hit counter